000 00455nam a2200181Ia 4500
008 131103s9999 xx 000 0 und d
020 _a0 449 21712 4
040 _aLoreto College
041 _aEnglish
082 _aF/STE
_bLCBED/10707
100 _aStewart,Mary
245 _aThornyhold
_cMary Stewart
260 _aNew York
_bFawcett Crest
_c1989
300 _a289p.
_c 18 cm.
650 _aEnglish fiction
850 _aLCBED/F/STE
942 _cBK
999 _c32964
_d83443